000 00654nam a2200181 a 4500
005 20140412111407.0
008 061208s19uu xx 00 eng d
020 _a0-439-04882-6
050 _aTR(GS 305.2
_bSp2 2000
100 _aSpann, Mary Beth
245 _aMonth- by -month Collaborative books for young learners :
_bEasy patterns and how - to's for creating 20 adorable rhyming books for young children to make and share /
_cMary Beth Spann.
260 _aUSA :
_bScholastic,
_c2000.
300 _a72
500 _aGrades Prek- K
650 _aToddlers
_xDevelopment
650 _aEarly Childhood Education
_xActivity programs
999 _c105589
_d105589